Diseño geométrico y estructura de pavimento flexible de 1.1 kilómetros del tramo comunidad Kilambé-El Diamante, municipio de Wiwili, departamento de Jinotega
El trabajo investigativo tiene por objetivo realizar el diseño geométrico y estructura de pavimento flexible de 1.1 kilómetros de longitud, el cual se encuentra situado en el tramo Kilambé–El Diamante Municipio de Wiwilí, departamento de Jinotega aplicando el método de la AASHTO-93.
| Main Authors: | , , |
|---|---|
| Other Authors: | |
| Format: | Tesis Section = Libro |
| Language: | Undetermined Spanish |
| Published: |
Managua
UNI
2022
|
| Subjects: |
| LEADER | 01295nam a2200289Ia 4500 | ||
|---|---|---|---|
| 008 | 240830s9999 xx 000 0 und d | ||
| 040 | |a BIBLIOTECA-RUPAP/ Mon 625.85 T712 | ||
| 041 | |a spa | ||
| 082 | |a Mon 625.85 T712 | ||
| 100 | 1 | |a Toruño González, Byron Gamaliel | |
| 100 | 1 | |b Aguirre Obregón, Misael Elías | |
| 100 | 1 | |c Aguirre Obregón, Isaí Josué | |
| 245 | 1 | 0 | |a Diseño geométrico y estructura de pavimento flexible de 1.1 kilómetros del tramo comunidad Kilambé-El Diamante, municipio de Wiwili, departamento de Jinotega |
| 260 | |a Managua |b UNI |c 2022 | ||
| 300 | |a 113 p. :il. | ||
| 500 | |a Contiene: anexos y CD. | ||
| 502 | |a Tesis (Ingeniero Civil) - UNI, 2022. | ||
| 520 | 3 | |a El trabajo investigativo tiene por objetivo realizar el diseño geométrico y estructura de pavimento flexible de 1.1 kilómetros de longitud, el cual se encuentra situado en el tramo Kilambé–El Diamante Municipio de Wiwilí, departamento de Jinotega aplicando el método de la AASHTO-93. | |
| 650 | 7 | |a PAVIMENTOS | |
| 650 | 7 | |b PAVIMENTOS DE ASFALTO | |
| 650 | 7 | |c ESTUDIO DE TRANSITO | |
| 650 | 7 | |d INGENIERIA DE CARRETERA | |
| 650 | 7 | |e MATERIALES PARA CARRETERAS | |
| 700 | 1 | |a Tutor: |b Navarro Hudiel, Sergio Junior | |
| 942 | |c BK |2 ddc | ||
| 991 | |a Tesis | ||
| 999 | |c 19192 | ||